000 00719nam a2200157 a 4500
001 000038632
005 20201002031322.0
008 130416s2012 dr a 000 0 spa d
040 _aDO-SdBNP
_bspa
_cBNPHU
100 1 _aMendéz, Rosa Esther
_964964
245 1 3 _aUn medio ambiente sano :
_bcomics sobre la conservación de la reserva de biófera Jaragua, Bahoruco-Enrriquillo, escrito por niños, niñas y dadolescentes, en el marco del proyecto /
_cRosa Esther Méndez, Jenifer Edileisy Heredia ; ilustraciones Adan Javier Hernández.
260 _aSanto Domingo :
_bCesar ONG.,
_c2012.
300 _a39 p. :
_bil. ;
_c25 cm.
700 1 2 _aEdileisy Heredia, Jenifer
_964965
700 1 2 _aHernández, Adan Javier
_eil.
_964966
999 _c38122
_d38122